Indicatifs téléphoniques des Amériques (+1, +5) - Statistiques

Statistiques générales
  • Ce quiz a été pris 4 fois
  • Le résultat moyen est 25 sur 53
Statistiques - réponses
Indicatif Téléphonique Réponse % Correct
+1 Canada
100%
+1 États-Unis
100%
+1264 Anguilla
50%
+1268 Antigua-et-Barbuda
50%
+54 Argentine
50%
+1242 Bahamas
50%
+1246 Barbade
50%
+501 Bélize
50%
+1441 Bermudes
50%
+591 Bolivie
50%
+55 Brésil
50%
+56 Chili
50%
+57 Colombie
50%
+506 Costa Rica
50%
+53 Cuba
50%
+1767 Dominique
50%
+503 El Salvador
50%
+1473 Grenade
50%
+590 Guadeloupe / Saint-Barthélémy / Saint-Martin
50%
+502 Guatemala
50%
+592 Guyana
50%
+594 Guyane française
50%
+509 Haïti
50%
+504 Honduras
50%
+1345 Îles Caïmans
50%
+500 Îles Malouines
50%
+1649 Îles Turques-et-Caïques
50%
+1284 Îles Vierges Britanniques
50%
+1340 Îles Vierges des États-Unis
50%
+1658 / +1876 Jamaïque
50%
+52 Mexique
50%
+1664 Montserrat
50%
+505 Nicaragua
50%
+507 Panama
50%
+595 Paraguay
50%
+51 Pérou
50%
+1787 / +1939 Porto Rico
50%
+1809/29/49 République Dominicaine
50%
+1869 Saint-Christophe-et-Niévès
50%
+1758 Sainte-Lucie
50%
+1721 Saint-Martin (Sint-Maarten)
50%
+508 Saint-Pierre-et-Miquelon
50%
+1784 Saint-Vincent-et-les-Grenadines
50%
+1684 Samoa Américaines
50%
+597 Suriname
50%
+598 Uruguay
50%
+58 Vénézuéla
50%
+599 Curaçao / Pays-Bas Caribéens
0%
+593 Équateur
0%
+1671 Guam
0%
+1670 Îles Mariannes du Nord
0%
+596 Martinique
0%
+1868 Trinité-et-Tobago
0%
Aucun quiz correspondant
Distribution des résultats
% des personnes avec chaque résultat
Percentile par nombre de réponses
Votre historique - résultats
Vous n’avez pas pris ce quiz